SUCCESSFUL LEGAL ANLYSIS AND WRITING THE FUNDAMENTALS (Record no. 20032)
[ view plain ]
| 000 -LEADER | |
|---|---|
| fixed length control field | 00330nam a22001337a 4500 |
| 008 - FIXED-LENGTH DATA ELEMENTS--GENERAL INFORMATION | |
| fixed length control field | 170707b xxu||||| |||| 00| 0 eng d |
| 020 ## - INTERNATIONAL STANDARD BOOK NUMBER | |
| International Standard Book Number | 9780314264824 |
| 041 ## - LANGUAGE CODE | |
| Language code of text/sound track or separate title | eng |
| 080 ## - UNIVERSAL DECIMAL CLASSIFICATION NUMBER | |
| Universal Decimal Classification number | 05 |
| 100 ## - Rafti | |
| Rafti | 22 |
| 101 ## - Shkurtesa | |
| Shkurtesa | GJL |
| 245 ## - TITLE STATEMENT | |
| Title | SUCCESSFUL LEGAL ANLYSIS AND WRITING THE FUNDAMENTALS |
| Statement of responsibility, etc | CLARY.B.G |
| 942 ## - ADDED ENTRY ELEMENTS (KOHA) | |
| Source of classification or shelving scheme | |
| Item type | Books |
No items available.